| 000 | 00596nam a2200181 a 4500 | ||
|---|---|---|---|
| 005 | 20140412111233.0 | ||
| 008 | 020409s19uu xx 00 eng d | ||
| 020 | _a0-8136-4879-3 | ||
| 050 |
_aBB _bFi 1994 |
||
| 100 | _aHayward, Linda | ||
| 245 |
_aThe fixit family / _cstory by Linda Hayward; project editors by Leslie Baranowski; production by Denise File. |
||
| 260 |
_aCleveland, Ohio : _bModern Curriculum Press, _c1994. |
||
| 300 | _a16 p. ; ill. | ||
| 440 | _aThe Busy World of Richard Scarry | ||
| 650 |
_aFamily _xFiction |
||
| 650 |
_aChildren stories _xBig Books |
||
| 999 |
_c102296 _d102296 |
||